Design of Bridge Structures / (Record no. 532540)
[ view plain ]
| 000 -LEADER | |
|---|---|
| fixed length control field | 00553 a2200205 4500 |
| 003 - CONTROL NUMBER IDENTIFIER | |
| control field | NUST |
| 005 - DATE AND TIME OF LATEST TRANSACTION | |
| control field | 20191125114443.0 |
| 008 - FIXED-LENGTH DATA ELEMENTS--GENERAL INFORMATION | |
| fixed length control field | 191125b ||||| |||| 00| 0 eng d |
| 020 ## - INTERNATIONAL STANDARD BOOK NUMBER | |
| International Standard Book Number | 978-8120338524 |
| 024 ## - OTHER STANDARD IDENTIFIER | |
| Standard number or code | 8120338529 |
| 038 ## - RECORD CONTENT LICENSOR | |
| Staff Name | MSOHAIL |
| 082 ## - DEWEY DECIMAL CLASSIFICATION NUMBER | |
| Classification number | 624.2029 JAG |
| 100 ## - MAIN ENTRY--PERSONAL NAME | |
| Personal name | Jagadeesh,T.R. |
| 9 (RLIN) | 26121 |
| 245 ## - TITLE STATEMENT | |
| Title | Design of Bridge Structures / |
| Statement of responsibility, etc. | T.R.Jagadeesh |
| 250 ## - EDITION STATEMENT | |
| Edition statement | 2nd |
| 260 ## - PUBLICATION, DISTRIBUTION, ETC. | |
| Place of publication, distribution, etc. | New Delhi : |
| Date of publication, distribution, etc. | Prentice Hall of India, |
| Name of publisher, distributor, etc. | 2013 |
| 300 ## - PHYSICAL DESCRIPTION | |
| Extent | 342p. : |
| Other physical details | ill. ; |
| Dimensions | 23cm |
| 650 ## - SUBJECT ADDED ENTRY--TOPICAL TERM | |
| Topical term or geographic name entry element | Bridge Engineering |
| 9 (RLIN) | 18360 |
| 942 ## - ADDED ENTRY ELEMENTS (KOHA) | |
| Source of classification or shelving scheme | |
| Koha item type | Book |
| Withdrawn status | Lost status | Source of classification or shelving scheme | Damaged status | Not for loan | Permanent Location | Current Location | Date acquired | Total Checkouts | Full call number | Barcode | Date last seen | Price effective from | Koha item type |
|---|---|---|---|---|---|---|---|---|---|---|---|---|---|
| School of Civil and Environmental Engineering (SCEE) | School of Civil and Environmental Engineering (SCEE) | 11/25/2019 | 624.2029 JAG | NIT-12415 | 11/25/2019 | 11/25/2019 | Book |
